Lechadas Bituminosas. "Slurry Seal"

Guardat en:
Dades bibliogràfiques
Autor principal: Moya Vargas, Francisco
Format: Llibre
Publicat: [San José , Costa Rica] 1983
Matèries:
Etiquetes: Afegir etiqueta
Sense etiquetes, Sigues el primer a etiquetar aquest registre!

MARC

LEADER 00000nam a2200000Ia 4500
003 002242
005 20221231144417.0
008 140114s1983 c a m 000 ||s d
040 |c cru CEDI 
090 |a TFG 1368 
100 |a Moya Vargas, Francisco  |9 15208 
245 |a Lechadas Bituminosas. "Slurry Seal" 
260 |c 1983  |a [San José , Costa Rica] 
300 |a 67 páginas : ilustraciones ; 28 cm  
500 |a Proyecto de graduación (ingeniero civil)--Universidad de Costa Rica. Facultad de Ingeniería. Escuela de Ingeniería Civil 
650 |x EMULSIONES ASFALTICAS   |x MATERIALES PARA CARRETERAS  |9 15209 
942 |c TFG  |2 ddc 
999 |c 21476  |d 21476